000 00882nam a2200265Ia 4500
003 OSt
005 20220918164353.0
006 a|||||r|||| 00| 0
007 ta
008 220917b |||||||| |||| 00| 0 eng d
020 _a0521813674 (pbk)
_c3945
024 _a234,765
037 _bDU0011, 01/02/2008, Independent Publishers Group
_cTextual
040 _aARTS
_cARTS
_beng
041 _2eng
_aeng
082 _aX:3M24xM18:g, P2
100 _aBartolovich Crystal Ed.
_918621
245 0 _aMarxism modernity and postcolonial studies
260 _aCambridge
_bCambridge University Press UK
_c2002
300 _ax,290p.
_ccm.
650 _aECONOMICS
700 _a Lazarus Neil Ed.
_918622
942 _hX:3M24xM18:g, P2
_cTEXL
_2CC
999 _c124503
_d124503